FOOD SCIENCE AND NUTRITION (Record no. 16672)

MARC details
000 -LEADER
fixed length control field 00309nam a22001457a 4500
003 - CONTROL NUMBER IDENTIFIER
control field SGT
020 ## - INTERNATIONAL STANDARD BOOK NUMBER
International Standard Book Number 9780199489084
082 ## - DEWEY DECIMAL CLASSIFICATION NUMBER
Classification number 641.1
Item number ROD
100 ## - MAIN ENTRY--PERSONAL NAME
Personal name RODAY,SUNETRA
245 ## - TITLE STATEMENT
Title FOOD SCIENCE AND NUTRITION
250 ## - EDITION STATEMENT
Edition statement 3RD
260 ## - PUBLICATION, DISTRIBUTION, ETC. (IMPRINT)
Place of publication, distribution, etc OXFORD UNIVERSITY
Year of Publication 2018
300 ## - PAGE DESCRIPTION
No. of Pages 441
942 ## - ADDED ENTRY ELEMENTS (KOHA)
Source of classification or shelving scheme Dewey Decimal Classification
Koha item type Books
942 ## - ADDED ENTRY ELEMENTS (KOHA)
-- 10
Holdings
Withdrawn status Lost status Source of classification or shelving scheme Damaged status Not for loan Collection code Home library Current library Shelving location Date acquired Vendor Name Cost, normal purchase price SGTU Bill Number Total Checkouts Full call number Accession No. (Barcode) Date last seen Date last borrowed Bill Date Koha item type
    Dewey Decimal Classification     HOTEL MANAGEMENT SGT Science & Social Sciences Library SGT Science & Social Sciences Library Text Book 25/01/2019 JINDAL BOOK SERVICES 565.00 SGTU 2040 8 641.1 ROD HM981 08/06/2023 08/06/2023   Books
    Dewey Decimal Classification     HOTEL MANAGEMENT SGT Science & Social Sciences Library SGT Science & Social Sciences Library Text Book 25/01/2019 JINDAL BOOK SERVICES 565.00 SGTU 2040 5 641.1 ROD HM982 05/06/2025 16/04/2025   Books
    Dewey Decimal Classification     HOTEL MANAGEMENT SGT Science & Social Sciences Library SGT Science & Social Sciences Library Text Book 25/01/2019 JINDAL BOOK SERVICES 565.00 SGTU 2040 1 641.1 ROD HM983 21/01/2021 19/01/2021   Books
    Dewey Decimal Classification     HOTEL MANAGEMENT SGT Science & Social Sciences Library SGT Science & Social Sciences Library Text Book 25/01/2019 JINDAL BOOK SERVICES 565.00 SGTU 2040 2 641.1 ROD HM984 05/12/2022 25/05/2022   Books
    Dewey Decimal Classification     HOTEL MANAGEMENT SGT Science & Social Sciences Library SGT Science & Social Sciences Library Text Book 25/01/2019 JINDAL BOOK SERVICES 565.00 SGTU 2040 2 641.1 ROD HM985 01/04/2023 11/03/2023   Books